What Was That - Lorde (All Lyrics) - Statistics

General Stats
  • This quiz has been taken 134 times
  • The average score is 265 of 344
Answer Stats
Lyrics % Correct
I
100%
(I
100%
A
99%
a
99%
in
97%
the
97%
was
97%
we
97%
We
97%
what
97%
What
97%
baby,
96%
Baby,
96%
that?
96%
that
96%
and
93%
And
93%
up
91%
be
90%
my
90%
you
90%
You
90%
for
88%
back
87%
hours
86%
me
84%
well,
84%
Well,
84%
garden,
83%
I'm
83%
kissed
83%
like
83%
out
83%
blow
81%
city
81%
our
81%
place
81%
pupils
81%
then,
81%
then
81%
do
80%
Do
80%
It
80%
it
80%
MDMA
80%
to
80%
(To
80%
When
78%
(When
78%
can
77%
is
77%
of
77%
"This
77%
this
77%
wear
77%
want
75%
all
74%
All
74%
best
72%
can't
72%
just
72%
know
72%
life"
72%
remember
72%
straight,
72%
bed
71%
cigarette
71%
dream,
71%
from
71%
Oh,
71%
oh
71%
see
71%
seventeen,
70%
smoke
70%
used
70%
wake
70%
you're
70%
everything
68%
gave
68%
missing
68%
myself
68%
saying
68%
wedding
68%
cover
65%
Make
65%
make
65%
Since
65%
things
65%
Yeah,
65%
yet
65%
over
64%
we're
64%
with
64%
But
62%
but
62%
never
62%
Now
62%
chair
61%
friends?
61%
knocks
61%
mirrors
61%
won't
61%
comes
59%
didn't
59%
go
59%
let
59%
let)
59%
still
59%
light,
58%
veil
58%
alone
55%
eat
55%
face
55%
had
55%
happening
55%
into
55%
reality
55%
blue
54%
meal
54%
not
54%
try
54%
try),
54%
you'd
54%
enough,
51%
pass
51%
street,
51%
through
51%
Step
48%
at
46%
might
46%
Whatever
46%
affairs
45%
alright)
45%
current
45%
haze,
45%
heat
45%
feeling
43%
talk
43%
down
41%
has
41%
stare
41%
'Cause
39%
faces
38%
sea
38%
weren't
38%
Indio
36%
sandstorm
36%
Right
35%
They
32%
painted
30%
Baby's
26%
while,
26%
their
25%
staying
13%
No matching quizzes found
Score Distribution
Percent of People with Each Score
Percentile by Number Answered
Your Score History
You have not taken this quiz